000 00373 a2200169 4500
001 195284
020 _a978-85-356-3048-0
040 _cMagnum
100 _aBelinky, Tatiana
240 1 0 _aA cesta de dona Maricota
_lpor
245 1 0 _aA cesta de dona Maricota
300 _a24
362 0 _a2012
440 1 _aPaulinas
697 _aLITERATURA INFANTIL
942 _cBK
999 _c195284
_d195284